La agresión y sus causas (Registro nro. 6519)

Detalles MARC
000 -Cabecera
Campo de control de longitud fija 01061aam a2200409 4500
005 - Fecha y hora de la última transacción
Campo de control 20260323174746.0
008 - Elementos de longitud fija--Información general
Campo de control de longitud fija 150727b2001 xxu||||| |||| 00| 0 spa d
020 ## - International Standard Book Number
Número Internacional Estándar del Libro (ISBN) 9682461626
041 ## - Idioma
Código de idioma Español
082 ## - Clasificación Decimal Dewey
Número de clasificación 364.3 R411a
100 ## - Entrada principal--Autor personal
Nombre personal Renfrew, John W.
9 (RLIN) 38405
245 ## - Título propiamente dicho
Título La agresión y sus causas
260 ## - Pie de imprenta
Lugar de publicación, distribución, etc. México
260 ## - Pie de imprenta
Nombre del editor, distribuidor, etc. Trillas
260 ## - Pie de imprenta
Fecha de publicación, distribución, etc. 2001
300 ## - Descripción física
Extensión 360 páginas
490 ## - Serie
Título de la Serie Investigación Criminal
650 ## - Materia general
Temática (materia general) PSICOLOGÍA CRIMINAL
650 ## - Materia general
Temática (materia general) AGRESIÓN
650 ## - Materia general
Temática (materia general) FACTORES BIOLÓGICOS
650 ## - Materia general
Temática (materia general) FACTORES GÉNETICOS
650 ## - Materia general
Temática (materia general) FACTORES NEUROLÓGICOS
650 ## - Materia general
Temática (materia general) FACTORES SOCIALES
650 ## - Materia general
Temática (materia general) AGRESION HUMANA
650 ## - Materia general
Temática (materia general) DROGAS
650 ## - Materia general
Temática (materia general) ESTIMULOS CAUSANTES
650 ## - Materia general
Temática (materia general) CONDICIONAMIENTO
650 ## - Materia general
Temática (materia general) APRENDIZAJE
650 ## - Materia general
Temática (materia general) FACTORES PSICOSOCIALES
650 ## - Materia general
Temática (materia general) MEDIOS DE COMUNICACIÓN
650 ## - Materia general
Temática (materia general) DELINCUENCIA JUVENIL
650 ## - Materia general
Temática (materia general) ABUSO DEL NIÑO
650 ## - Materia general
Temática (materia general) VIOLACIÓN
650 ## - Materia general
Temática (materia general) ABUSO CONYUGAL
650 ## - Materia general
Temática (materia general) VIOLENCIA EN PACIENTES
942 ## - Punto de acceso adicional KOHA
Tipo de ítem KOHA Libro
Fuente del sistema de clasificación o colocación Dewey Decimal Classification
Existencias
Signatura completa Código de barras Programa Académico Tipo de ítem
364.3 R411a 11748 Investigación Criminal Libro